[Event "World Chess Olympiad 2018"]
[Site "Batumi"]
[Date "2018.10.02"]
[Round "8"]
[Board "2"]
[WhiteFideId "1007998"]
[White "L'Ami Erwin"]
[BlackFideId "8603820"]
[Black "Yu Yangyi"]
[Result "1/2-1/2"]
[LiveChessVersion "1.4.8"]
[BlackElo "2765"]
[WhiteElo "2639"]

1. d4 {[%clk 1:30:56]} Nf6 {[%clk 1:30:23]} 2. c4 {[%clk 1:31:13]} e6
{[%clk 1:30:43]} 3. Nf3 {[%clk 1:31:36]} d5 {[%clk 1:31:02]} 4. Nc3
{[%clk 1:31:56]} Be7 {[%clk 1:30:34]} 5. Bg5 {[%clk 1:31:36]} h6 {[%clk 1:30:48]}
6. Bh4 {[%clk 1:31:55]} O-O {[%clk 1:30:30]} 7. e3 {[%clk 1:31:57]} Nbd7
{[%clk 1:25:31]} 8. Rc1 {[%clk 1:31:13]} c5 {[%clk 1:25:11]} 9. dxc5
{[%clk 1:30:27]} Nxc5 {[%clk 1:25:33]} 10. cxd5 {[%clk 1:30:15]} g5
{[%clk 1:25:54]} 11. Bg3 {[%clk 1:30:10]} Nxd5 {[%clk 1:26:13]} 12. Nxd5
{[%clk 1:29:22]} Qxd5 {[%clk 1:26:36]} 13. Qxd5 {[%clk 1:29:37]} exd5
{[%clk 1:27:00]} 14. Rd1 {[%clk 1:14:41]} Bd7 {[%clk 1:15:19]} 15. Be2
{[%clk 1:07:49]} Rac8 {[%clk 1:14:43]} 16. O-O {[%clk 1:04:07]} Be6
{[%clk 1:12:50]} 17. Be5 {[%clk 1:01:49]} f6 {[%clk 1:10:36]} 18. Bd4
{[%clk 0:57:38]} Bf7 {[%clk 1:05:08]} 19. h3 {[%clk 0:51:29]} Rfd8
{[%clk 0:48:54]} 20. Rc1 {[%clk 0:40:22]} Bg6 {[%clk 0:41:51]} 21. Rfd1
{[%clk 0:39:34]} Ne6 {[%clk 0:39:02]} 22. Bxa7 {[%clk 0:37:02]} Rxc1
{[%clk 0:36:17]} 23. Rxc1 {[%clk 0:37:24]} Ra8 {[%clk 0:35:56]} 24. Bd4
{[%clk 0:36:17]} Rxa2 {[%clk 0:32:25]} 25. Bc3 {[%clk 0:35:50]} Kf7
{[%clk 0:30:30]} 26. Nd4 {[%clk 0:31:39]} Nxd4 {[%clk 0:27:09]} 27. Bxd4
{[%clk 0:32:00]} Bd6 {[%clk 0:27:22]} 28. Bd1 {[%clk 0:29:08]} Ke6
{[%clk 0:22:15]} 29. Bc3 {[%clk 0:26:01]} Ra6 {[%clk 0:17:07]} 30. Be2
{[%clk 0:16:59]} Ra2 {[%clk 0:16:42]} 31. Bg4+ {[%clk 0:14:10]} Bf5
{[%clk 0:16:22]} 32. Bd1 {[%clk 0:14:00]} Bd3 {[%clk 0:16:15]} 33. Bb3
{[%clk 0:12:53]} Ra6 {[%clk 0:16:21]} 34. e4 {[%clk 0:11:08]} Bxe4
{[%clk 0:15:45]} 35. Re1 {[%clk 0:10:59]} Kd7 {[%clk 0:14:33]} 36. f3
{[%clk 0:10:07]} Bc5+ {[%clk 0:13:36]} 37. Kh1 {[%clk 0:10:15]} d4
{[%clk 0:12:02]} 38. Rd1 {[%clk 0:08:32]} Bg6 {[%clk 0:06:49]} 39. Bxd4
{[%clk 0:08:42]} Bxd4 {[%clk 0:07:09]} 40. Rxd4+ {[%clk 0:39:04]} Rd6
{[%clk 0:37:13]} 41. Rb4 {[%clk 0:34:22]} Kc7 {[%clk 0:37:24]} 42. h4
{[%clk 0:27:21]} Rd2 {[%clk 0:36:11]} 43. hxg5 {[%clk 0:26:28]} hxg5
{[%clk 0:32:27]} 44. Ba4 {[%clk 0:19:57]} Bf7 {[%clk 0:30:54]} 45. Bb5
{[%clk 0:17:37]} Bd5 {[%clk 0:25:17]} 46. Kg1 {[%clk 0:14:39]} f5
{[%clk 0:24:07]} 47. Bf1 {[%clk 0:12:50]} Kc6 {[%clk 0:23:45]} 48. b3
{[%clk 0:11:38]} Kd6 {[%clk 0:20:47]} 49. Rb5 {[%clk 0:10:16]} Rb2
{[%clk 0:17:12]} 50. Bd3 {[%clk 0:09:42]} g4 {[%clk 0:12:32]} 51. Bxf5
{[%clk 0:09:07]} g3 {[%clk 0:12:37]} 52. Kf1 {[%clk 0:07:43]} Rxb3
{[%clk 0:10:29]} 53. Rxb3 {[%clk 0:08:03]} Bxb3 {[%clk 0:10:56]} 54. Ke2
{[%clk 0:07:23]} b5 {[%clk 0:08:09]} 55. Ke3 {[%clk 0:06:52]} b4 {[%clk 0:07:57]}
56. Kd4 {[%clk 0:05:01]} Bd1 {[%clk 0:07:19]} 57. Be4 {[%clk 0:04:52]} Bb3
{[%clk 0:05:34]} 58. Bd3 {[%clk 0:04:01]} Bd5 {[%clk 0:04:42]} 59. Be4
{[%clk 0:04:07]} Be6 {[%clk 0:04:42]} 60. f4 {[%clk 0:03:00]} Bf7
{[%clk 0:03:39]} 61. Bf3 {[%clk 0:02:11]} Ba2 {[%clk 0:02:29]} 62. Be4
{[%clk 0:02:16]} Ke6 {[%clk 0:02:33]} 63. Bh7 {[%clk 0:01:46]} Kf6
{[%clk 0:02:39]} 64. Bc2 {[%clk 0:01:46]} Be6 {[%clk 0:01:08]} 65. Be4
{[%clk 0:01:13]} Bf7 {[%clk 0:01:04]} 66. Bc2 {[%clk 0:01:03]} Bg6
{[%clk 0:00:59]} 67. Bd1 {[%clk 0:01:02]} Be8 {[%clk 0:00:51]} 68. Bf3
{[%clk 0:00:55]} b3 {[%clk 0:00:37]} 69. Be4 {[%clk 0:00:33]} b2 {[%clk 0:00:38]}
70. Kc3 {[%clk 0:00:32]} Bc6 {[%clk 0:00:58]} 71. Bd3 {[%clk 0:00:56]} Bxg2
{[%clk 0:01:05]} 72. Kxb2 {[%clk 0:01:25]} Bc6 {[%clk 0:00:48]} 73. Bf1
{[%clk 0:01:53]} Kf5 {[%clk 0:01:13]} 74. Kc3 {[%clk 0:01:57]} Kxf4
{[%clk 0:01:37]} 75. Kd2 {[%clk 0:02:14]} Kf3 {[%clk 0:01:09]} 76. Ke1
{[%clk 0:02:37]} Be4 {[%clk 0:00:57]} 77. Bh3 {[%clk 0:02:37]} Bf5
{[%clk 0:00:58]} 78. Bxf5 {[%clk 0:03:00]} g2 {[%clk 0:00:57]} 79. Be4+
{[%clk 0:03:26]} Kxe4 {[%clk 0:01:21]} 80. Kf2 {[%clk 0:03:54]} Kf4
{[%clk 0:01:46]} 81. Kxg2 {[%clk 0:04:20]} 1/2-1/2

[Event "World Chess Olympiad 2018"]
[Site "Batumi"]
[Date "2018.10.02"]
[Round "8"]
[Board "3"]
[WhiteFideId "8601445"]
[White "Bu Xiangzhi"]
[BlackFideId "1000268"]
[Black "Van Wely Loek"]
[Result "1-0"]
[LiveChessVersion "1.4.8"]
[BlackElo "2642"]
[WhiteElo "2712"]

1. d4 {[%clk 1:30:52]} d5 {[%clk 1:30:30]} 2. c4 {[%clk 1:31:07]} c6
{[%clk 1:30:48]} 3. Nf3 {[%clk 1:31:24]} Nf6 {[%clk 1:31:10]} 4. e3
{[%clk 1:30:02]} g6 {[%clk 1:28:36]} 5. Nc3 {[%clk 1:29:58]} Bg7 {[%clk 1:28:58]}
6. Be2 {[%clk 1:29:07]} O-O {[%clk 1:29:05]} 7. O-O {[%clk 1:29:33]} Ne4
{[%clk 1:29:18]} 8. a4 {[%clk 1:23:37]} b6 {[%clk 1:06:19]} 9. a5
{[%clk 1:13:31]} Ba6 {[%clk 0:59:40]} 10. Nxe4 {[%clk 0:59:10]} dxe4
{[%clk 1:00:02]} 11. Ng5 {[%clk 0:59:35]} e5 {[%clk 0:59:02]} 12. Nxe4
{[%clk 1:00:00]} exd4 {[%clk 0:49:52]} 13. exd4 {[%clk 0:59:25]} Bxd4
{[%clk 0:50:15]} 14. Bg5 {[%clk 0:49:46]} f6 {[%clk 0:47:33]} 15. Be3
{[%clk 0:50:08]} c5 {[%clk 0:33:55]} 16. Bxd4 {[%clk 0:33:49]} cxd4
{[%clk 0:32:57]} 17. c5 {[%clk 0:33:49]} Bxe2 {[%clk 0:27:10]} 18. Qxe2
{[%clk 0:34:13]} bxc5 {[%clk 0:13:43]} 19. Qc4+ {[%clk 0:30:20]} Rf7
{[%clk 0:11:12]} 20. Rfd1 {[%clk 0:09:25]} Nc6 {[%clk 0:09:57]} 21. Qe6
{[%clk 0:09:14]} Ne5 {[%clk 0:03:13]} 22. f4 {[%clk 0:09:23]} Ng4
{[%clk 0:03:39]} 23. Nd6 {[%clk 0:08:28]} Qd7 {[%clk 0:04:05]} 24. Qxf7+
{[%clk 0:08:55]} Qxf7 {[%clk 0:04:31]} 25. Nxf7 {[%clk 0:09:21]} Kxf7
{[%clk 0:04:54]} 26. b4 {[%clk 0:08:36]} Ne3 {[%clk 0:04:37]} 27. Rd2
{[%clk 0:08:50]} Ke6 {[%clk 0:03:18]} 28. bxc5 {[%clk 0:09:13]} Kd5
{[%clk 0:03:42]} 29. Ra4 {[%clk 0:06:54]} Nc4 {[%clk 0:03:57]} 30. Rc2
{[%clk 0:07:23]} Ne3 {[%clk 0:04:08]} 31. Rc1 {[%clk 0:07:43]} Rc8
{[%clk 0:01:24]} 32. c6 {[%clk 0:07:59]} Rc7 {[%clk 0:01:51]} 33. Kf2
{[%clk 0:07:14]} h5 {[%clk 0:01:26]} 34. Rb4 {[%clk 0:06:52]} g5 {[%clk 0:00:51]}
35. Rb7 {[%clk 0:06:53]} Rc8 {[%clk 0:01:00]} 36. Rd7+ {[%clk 0:05:08]} Ke4
{[%clk 0:01:09]} 37. c7 {[%clk 0:05:31]} Nd5 {[%clk 0:01:17]} 38. Rc5
{[%clk 0:05:21]} Nxf4 {[%clk 0:01:27]} 39. Rd8 {[%clk 0:05:45]} Nd3+
{[%clk 0:01:38]} 40. Kf1 {[%clk 0:36:03]} 1-0

[Event "World Chess Olympiad 2018"]
[Site "Batumi"]
[Date "2018.10.02"]
[Round "8"]
[Board "4"]
[WhiteFideId "1039784"]
[White "Van Foreest Jorden"]
[BlackFideId "8604436"]
[Black "Li Chao b"]
[Result "1/2-1/2"]
[LiveChessVersion "1.4.8"]
[BlackElo "2708"]
[WhiteElo "2624"]

1. e4 {[%clk 1:30:56]} e5 {[%clk 1:30:51]} 2. Nf3 {[%clk 1:31:18]} Nf6
{[%clk 1:31:14]} 3. Nxe5 {[%clk 1:31:36]} d6 {[%clk 1:31:38]} 4. Nf3
{[%clk 1:31:59]} Nxe4 {[%clk 1:31:51]} 5. d4 {[%clk 1:32:19]} d5 {[%clk 1:32:08]}
6. Bd3 {[%clk 1:32:41]} Be7 {[%clk 1:32:22]} 7. O-O {[%clk 1:32:57]} O-O
{[%clk 1:32:42]} 8. Re1 {[%clk 1:33:14]} Bf5 {[%clk 1:31:54]} 9. c4
{[%clk 1:33:35]} Nc6 {[%clk 1:31:56]} 10. cxd5 {[%clk 1:33:54]} Qxd5
{[%clk 1:32:19]} 11. Nc3 {[%clk 1:34:02]} Nxc3 {[%clk 1:32:37]} 12. bxc3
{[%clk 1:34:25]} Rae8 {[%clk 1:32:42]} 13. Bf4 {[%clk 1:34:46]} Bd8
{[%clk 1:32:14]} 14. Be2 {[%clk 1:31:54]} Be4 {[%clk 1:30:37]} 15. Bg3
{[%clk 1:25:08]} Qf5 {[%clk 1:20:43]} 16. Rc1 {[%clk 1:14:32]} h6
{[%clk 1:11:33]} 17. h3 {[%clk 1:13:11]} a6 {[%clk 1:09:45]} 18. Nd2
{[%clk 0:58:16]} Bd3 {[%clk 1:08:27]} 19. Bxd3 {[%clk 0:56:36]} Rxe1+
{[%clk 0:57:41]} 20. Qxe1 {[%clk 0:57:00]} Qxd3 {[%clk 0:58:05]} 21. Nb3
{[%clk 0:55:34]} Qf5 {[%clk 0:50:42]} 22. Nc5 {[%clk 0:51:11]} Bg5
{[%clk 0:45:26]} 23. Rb1 {[%clk 0:40:35]} b6 {[%clk 0:42:38]} 24. Nxa6
{[%clk 0:41:00]} Bd2 {[%clk 0:42:36]} 25. Qf1 {[%clk 0:41:26]} Bxc3
{[%clk 0:42:41]} 26. Rc1 {[%clk 0:41:52]} Qa5 {[%clk 0:42:58]} 27. d5
{[%clk 0:39:59]} Nd4 {[%clk 0:37:33]} 28. Kh2 {[%clk 0:39:28]} Nf5
{[%clk 0:27:49]} 29. Bxc7 {[%clk 0:34:00]} Bd4 {[%clk 0:27:00]} 30. Qd3
{[%clk 0:25:54]} Qxd5 {[%clk 0:26:33]} 31. Nb4 {[%clk 0:26:17]} Be5+
{[%clk 0:25:01]} 1/2-1/2

[Event "World Chess Olympiad 2018"]
[Site "Batumi"]
[Date "2018.10.02"]
[Round "8"]
[Board "1"]
[WhiteFideId "14508150"]
[White "Saric Ivan"]
[BlackFideId "12539929"]
[Black "Maghsoodloo Parham"]
[Result "1-0"]
[LiveChessVersion "1.4.8"]
[BlackElo "2649"]
[WhiteElo "2689"]

1. e4 {[%clk 1:30:58]} e5 {[%clk 1:30:53]} 2. Nf3 {[%clk 1:31:25]} Nc6
{[%clk 1:31:19]} 3. Bb5 {[%clk 1:31:51]} a6 {[%clk 1:31:44]} 4. Ba4
{[%clk 1:32:17]} Nf6 {[%clk 1:32:10]} 5. O-O {[%clk 1:32:42]} b5 {[%clk 1:32:38]}
6. Bb3 {[%clk 1:33:07]} Bc5 {[%clk 1:33:04]} 7. c3 {[%clk 1:33:26]} d6
{[%clk 1:33:30]} 8. d4 {[%clk 1:33:51]} Bb6 {[%clk 1:33:57]} 9. a4
{[%clk 1:34:08]} Rb8 {[%clk 1:34:23]} 10. a5 {[%clk 1:34:19]} Ba7
{[%clk 1:34:49]} 11. h3 {[%clk 1:34:05]} O-O {[%clk 1:35:04]} 12. Be3
{[%clk 1:34:15]} Ra8 {[%clk 1:35:29]} 13. Nbd2 {[%clk 1:33:07]} h6
{[%clk 1:35:31]} 14. Re1 {[%clk 1:32:53]} Re8 {[%clk 1:35:56]} 15. Qc2
{[%clk 1:23:16]} exd4 {[%clk 1:21:45]} 16. Nxd4 {[%clk 1:21:24]} Nxd4
{[%clk 1:04:23]} 17. cxd4 {[%clk 1:18:16]} c5 {[%clk 1:04:47]} 18. e5
{[%clk 1:16:02]} c4 {[%clk 1:00:39]} 19. exf6 {[%clk 1:13:28]} cxb3
{[%clk 0:58:54]} 20. Qc6 {[%clk 1:11:38]} Rb8 {[%clk 0:44:40]} 21. Bf4
{[%clk 0:54:11]} Rxe1+ {[%clk 0:28:00]} 22. Rxe1 {[%clk 0:54:34]} Bb7
{[%clk 0:28:28]} 23. Qxd6 {[%clk 0:54:31]} g5 {[%clk 0:20:06]} 24. Re7
{[%clk 0:47:10]} gxf4 {[%clk 0:18:01]} 25. Qxf4 {[%clk 0:47:35]} Qd5
{[%clk 0:13:52]} 26. Ne4 {[%clk 0:46:10]} Qh5 {[%clk 0:12:32]} 27. Qg3+
{[%clk 0:46:29]} Qg6 {[%clk 0:12:57]} 28. Qxg6+ {[%clk 0:46:55]} fxg6
{[%clk 0:13:23]} 29. Nd6 {[%clk 0:47:10]} Kf8 {[%clk 0:09:11]} 30. Rh7
{[%clk 0:29:38]} Kg8 {[%clk 0:09:26]} 31. Rg7+ {[%clk 0:09:19]} Kf8
{[%clk 0:09:55]} 32. Rf7+ {[%clk 0:09:40]} Kg8 {[%clk 0:10:24]} 33. Rd7
{[%clk 0:09:53]} Bxd4 {[%clk 0:10:27]} 34. f7+ {[%clk 0:10:09]} Kf8
{[%clk 0:06:56]} 35. Nxb7 {[%clk 0:10:33]} Rxb7 {[%clk 0:07:25]} 36. Rxb7
{[%clk 0:05:22]} Bxb2 {[%clk 0:07:50]} 37. Rc7 {[%clk 0:05:07]} Bd4
{[%clk 0:00:39]} 38. Rc1 {[%clk 0:05:29]} Kxf7 {[%clk 0:00:58]} 39. Kf1
{[%clk 0:04:05]} Ke6 {[%clk 0:00:37]} 40. Ke2 {[%clk 0:33:58]} Kd5
{[%clk 0:30:32]} 41. Kd3 {[%clk 0:31:31]} b2 {[%clk 0:26:34]} 42. Rd1
{[%clk 0:30:43]} Bxf2 {[%clk 0:16:24]} 43. Kc3+ {[%clk 0:31:03]} Kc5
{[%clk 0:16:06]} 44. Kxb2 {[%clk 0:31:28]} h5 {[%clk 0:16:33]} 45. Kb3
{[%clk 0:30:37]} Bh4 {[%clk 0:11:50]} 46. Rc1+ {[%clk 0:30:48]} Kd5
{[%clk 0:11:47]} 47. Rc8 {[%clk 0:30:44]} Be1 {[%clk 0:12:15]} 48. Ra8
{[%clk 0:23:09]} Bxa5 {[%clk 0:12:39]} 49. Rxa6 {[%clk 0:23:37]} Be1
{[%clk 0:13:01]} 50. Rxg6 {[%clk 0:23:59]} h4 {[%clk 0:13:25]} 51. Rg5+
{[%clk 0:24:09]} Ke4 {[%clk 0:07:45]} 52. Rxb5 {[%clk 0:18:37]} Ke3
{[%clk 0:08:00]} 53. Kc4 {[%clk 0:18:53]} Kf2 {[%clk 0:07:16]} 54. Rb2+
{[%clk 0:14:35]} Kg3 {[%clk 0:07:26]} 55. Kd3 {[%clk 0:14:41]} Bf2
{[%clk 0:07:53]} 56. Ke4 {[%clk 0:15:06]} Kxg2 {[%clk 0:08:21]} 57. Kf5
{[%clk 0:15:24]} Kxh3 {[%clk 0:08:23]} 58. Rxf2 {[%clk 0:15:49]} Kg3
{[%clk 0:08:49]} 59. Rb2 {[%clk 0:16:00]} h3 {[%clk 0:09:14]} 60. Rb3+
{[%clk 0:16:27]} Kg2 {[%clk 0:08:48]} 61. Kg4 {[%clk 0:16:49]} h2
{[%clk 0:09:07]} 62. Rb2+ {[%clk 0:17:18]} Kg1 {[%clk 0:09:18]} 63. Kg3
{[%clk 0:17:43]} 1-0

[Event "World Chess Olympiad 2018"]
[Site "Batumi"]
[Date "2018.10.02"]
[Round "8"]
[Board "2"]
[WhiteFideId "12510130"]
[White "Idani Pouya"]
[BlackFideId "14507927"]
[Black "Bosiocic Marin"]
[Result "1-0"]
[LiveChessVersion "1.4.8"]
[BlackElo "2600"]
[WhiteElo "2589"]

1. e4 {[%clk 1:30:58]} c5 {[%clk 1:30:52]} 2. Nf3 {[%clk 1:31:23]} d6
{[%clk 1:31:16]} 3. d4 {[%clk 1:31:29]} cxd4 {[%clk 1:31:36]} 4. Nxd4
{[%clk 1:31:57]} Nf6 {[%clk 1:31:55]} 5. Nc3 {[%clk 1:32:20]} a6 {[%clk 1:32:20]}
6. Be3 {[%clk 1:32:01]} e5 {[%clk 1:32:44]} 7. Nb3 {[%clk 1:32:28]} Be6
{[%clk 1:33:07]} 8. f3 {[%clk 1:32:51]} h5 {[%clk 1:33:29]} 9. Nd5
{[%clk 1:33:13]} Bxd5 {[%clk 1:33:50]} 10. exd5 {[%clk 1:33:40]} Nbd7
{[%clk 1:34:11]} 11. Qd2 {[%clk 1:34:05]} g6 {[%clk 1:34:33]} 12. O-O-O
{[%clk 1:33:34]} Bg7 {[%clk 1:34:56]} 13. Kb1 {[%clk 1:32:59]} b5
{[%clk 1:35:08]} 14. c4 {[%clk 1:28:52]} bxc4 {[%clk 1:33:10]} 15. Bxc4
{[%clk 1:29:16]} a5 {[%clk 1:28:44]} 16. a4 {[%clk 1:25:46]} O-O {[%clk 1:28:28]}
17. Bb5 {[%clk 1:25:10]} Nb6 {[%clk 1:21:09]} 18. Bg5 {[%clk 1:20:34]} Qc8
{[%clk 1:17:47]} 19. Bxf6 {[%clk 1:08:55]} Qf5+ {[%clk 1:15:48]} 20. Qc2
{[%clk 1:03:11]} Qxf6 {[%clk 1:15:35]} 21. Nd2 {[%clk 1:03:13]} Rfc8
{[%clk 1:12:25]} 22. Ne4 {[%clk 1:00:50]} Qd8 {[%clk 1:06:32]} 23. Bc6
{[%clk 0:56:13]} f5 {[%clk 1:03:57]} 24. Nc3 {[%clk 0:55:39]} Rab8
{[%clk 1:01:32]} 25. Nb5 {[%clk 0:55:34]} Qf6 {[%clk 0:57:36]} 26. Rhe1
{[%clk 0:43:37]} Nd7 {[%clk 0:50:46]} 27. Rd3 {[%clk 0:34:17]} Nc5
{[%clk 0:45:32]} 28. Rc3 {[%clk 0:34:42]} e4 {[%clk 0:41:58]} 29. Re2
{[%clk 0:30:59]} Nd3 {[%clk 0:40:27]} 30. g3 {[%clk 0:20:38]} Kh8
{[%clk 0:35:27]} 31. Rxd3 {[%clk 0:18:56]} exd3 {[%clk 0:35:39]} 32. Qxd3
{[%clk 0:19:23]} f4 {[%clk 0:34:01]} 33. gxf4 {[%clk 0:14:40]} Rf8
{[%clk 0:33:32]} 34. Rg2 {[%clk 0:13:21]} Qf5 {[%clk 0:31:45]} 35. Qxf5
{[%clk 0:13:36]} Rxf5 {[%clk 0:32:11]} 36. Nxd6 {[%clk 0:12:31]} Rxf4
{[%clk 0:32:29]} 37. Ne4 {[%clk 0:07:31]} Rb6 {[%clk 0:26:45]} 38. Bb5
{[%clk 0:07:41]} Be5 {[%clk 0:25:23]} 39. Nc5 {[%clk 0:04:38]} Rd6
{[%clk 0:22:50]} 40. Nd3 {[%clk 0:34:42]} Rf5 {[%clk 0:52:17]} 41. Bc6
{[%clk 0:34:35]} Bd4 {[%clk 0:51:39]} 42. f4 {[%clk 0:31:03]} Be3
{[%clk 0:51:11]} 43. Re2 {[%clk 0:28:04]} Bxf4 {[%clk 0:50:04]} 44. b4
{[%clk 0:28:31]} axb4 {[%clk 0:43:17]} 45. a5 {[%clk 0:28:28]} Bg5
{[%clk 0:38:57]} 46. a6 {[%clk 0:23:42]} Rf1+ {[%clk 0:34:08]} 47. Ka2
{[%clk 0:21:27]} Bf6 {[%clk 0:34:32]} 48. Kb3 {[%clk 0:19:05]} Ra1
{[%clk 0:29:16]} 49. Nxb4 {[%clk 0:17:35]} Kg7 {[%clk 0:29:29]} 50. Kc4
{[%clk 0:16:22]} Bg5 {[%clk 0:27:12]} 51. Na2 {[%clk 0:15:48]} Be3
{[%clk 0:25:44]} 52. Rxe3 {[%clk 0:15:42]} Rxa2 {[%clk 0:25:48]} 53. Kb5
{[%clk 0:16:09]} Rf6 {[%clk 0:24:50]} 54. Re7+ {[%clk 0:14:35]} Kf8
{[%clk 0:23:51]} 55. Rc7 {[%clk 0:14:04]} Rf7 {[%clk 0:23:06]} 56. d6
{[%clk 0:07:24]} Rf5+ {[%clk 0:20:16]} 57. Kb6 {[%clk 0:07:40]} Rb2+
{[%clk 0:20:41]} 58. Ka7 {[%clk 0:08:04]} Rd2 {[%clk 0:18:34]} 59. Rc8+
{[%clk 0:07:57]} Kg7 {[%clk 0:18:31]} 60. d7 {[%clk 0:08:01]} Rf8
{[%clk 0:18:34]} 1-0

[Event "World Chess Olympiad 2018"]
[Site "Batumi"]
[Date "2018.10.02"]
[Round "8"]
[Board "3"]
[WhiteFideId "14506688"]
[White "Brkic Ante"]
[BlackFideId "12521213"]
[Black "Tabatabaei M.amin"]
[Result "1-0"]
[LiveChessVersion "1.4.8"]
[BlackElo "2576"]
[WhiteElo "2565"]

1. e4 {[%clk 1:30:57]} c5 {[%clk 1:30:52]} 2. Nf3 {[%clk 1:31:21]} d6
{[%clk 1:31:15]} 3. d4 {[%clk 1:31:29]} cxd4 {[%clk 1:31:39]} 4. Nxd4
{[%clk 1:31:56]} Nf6 {[%clk 1:32:02]} 5. Nc3 {[%clk 1:32:22]} a6 {[%clk 1:32:25]}
6. Be2 {[%clk 1:32:10]} e5 {[%clk 1:32:46]} 7. Nf3 {[%clk 1:32:28]} Be7
{[%clk 1:33:11]} 8. Bg5 {[%clk 1:32:42]} Nbd7 {[%clk 1:33:36]} 9. a4
{[%clk 1:32:44]} h6 {[%clk 1:23:16]} 10. Be3 {[%clk 1:32:27]} Ng4
{[%clk 1:21:27]} 11. Bc1 {[%clk 1:32:45]} Ngf6 {[%clk 1:21:44]} 12. O-O
{[%clk 1:32:35]} O-O {[%clk 1:12:04]} 13. Nd2 {[%clk 1:17:35]} Qc7
{[%clk 1:08:37]} 14. Nc4 {[%clk 1:09:23]} Nc5 {[%clk 1:08:06]} 15. Nd5
{[%clk 1:08:10]} Nxd5 {[%clk 1:07:27]} 16. exd5 {[%clk 1:08:38]} Nxa4
{[%clk 1:01:48]} 17. Rxa4 {[%clk 1:05:16]} b5 {[%clk 1:02:13]} 18. Rb4
{[%clk 1:00:59]} bxc4 {[%clk 1:02:32]} 19. Rxc4 {[%clk 0:55:11]} Qb7
{[%clk 1:02:26]} 20. f4 {[%clk 0:48:17]} f5 {[%clk 0:48:53]} 21. Rf3
{[%clk 0:41:03]} exf4 {[%clk 0:35:01]} 22. Rcxf4 {[%clk 0:29:54]} Bg5
{[%clk 0:35:12]} 23. Rd4 {[%clk 0:20:49]} Bf6 {[%clk 0:32:36]} 24. Rc4
{[%clk 0:12:32]} Bd7 {[%clk 0:32:17]} 25. Rb3 {[%clk 0:12:29]} Bb5
{[%clk 0:32:44]} 26. Rf4 {[%clk 0:12:41]} Bxe2 {[%clk 0:26:10]} 27. Qxe2
{[%clk 0:13:08]} Qxd5 {[%clk 0:26:35]} 28. Qc4 {[%clk 0:12:31]} Qxc4
{[%clk 0:26:22]} 29. Rxc4 {[%clk 0:13:00]} d5 {[%clk 0:24:29]} 30. Ra4
{[%clk 0:12:10]} Rfe8 {[%clk 0:16:46]} 31. Kf1 {[%clk 0:08:04]} d4
{[%clk 0:13:04]} 32. Rc4 {[%clk 0:05:03]} Re4 {[%clk 0:13:18]} 33. Rf3
{[%clk 0:04:30]} Rae8 {[%clk 0:10:25]} 34. Bd2 {[%clk 0:04:58]} R8e5
{[%clk 0:10:54]} 35. b4 {[%clk 0:02:24]} Kf7 {[%clk 0:03:37]} 36. Rc6
{[%clk 0:02:03]} Bg5 {[%clk 0:02:41]} 37. Rd3 {[%clk 0:01:17]} Bh4
{[%clk 0:00:37]} 38. g3 {[%clk 0:01:25]} Bg5 {[%clk 0:01:07]} 39. Rxa6
{[%clk 0:01:06]} Re2 {[%clk 0:01:36]} 40. Bxg5 {[%clk 0:30:43]} hxg5
{[%clk 0:31:59]} 41. Rxd4 {[%clk 0:20:58]} g4 {[%clk 0:31:52]} 42. Rf4
{[%clk 0:16:49]} Rxh2 {[%clk 0:31:29]} 43. Ra5 {[%clk 0:10:07]} Kf6
{[%clk 0:31:02]} 44. Rxe5 {[%clk 0:07:22]} Kxe5 {[%clk 0:31:26]} 45. Rc4
{[%clk 0:05:35]} g5 {[%clk 0:28:30]} 46. Rc5+ {[%clk 0:01:08]} Ke4
{[%clk 0:28:55]} 47. Rc4+ {[%clk 0:01:34]} Ke3 {[%clk 0:29:10]} 48. Rc3+
{[%clk 0:01:33]} Kd4 {[%clk 0:28:55]} 49. Rc5 {[%clk 0:01:05]} f4
{[%clk 0:29:21]} 50. Rxg5 {[%clk 0:01:14]} Ke3 {[%clk 0:29:47]} 51. Rd5
{[%clk 0:00:32]} Ke4 {[%clk 0:27:23]} 52. Rd3 {[%clk 0:00:44]} Rh1+
{[%clk 0:21:37]} 53. Kf2 {[%clk 0:01:03]} Rc1 {[%clk 0:21:20]} 54. Rc3
{[%clk 0:00:50]} Kd4 {[%clk 0:21:09]} 55. Rc8 {[%clk 0:00:56]} f3
{[%clk 0:20:30]} 56. b5 {[%clk 0:01:10]} Kd5 {[%clk 0:19:19]} 57. b6
{[%clk 0:01:17]} Rb1 {[%clk 0:19:49]} 58. Rg8 {[%clk 0:00:45]} Rxb6
{[%clk 0:20:17]} 59. Rg5+ {[%clk 0:00:45]} Kd6 {[%clk 0:19:45]} 60. Rxg4
{[%clk 0:00:56]} Rb2 {[%clk 0:20:14]} 61. Rc4 {[%clk 0:00:42]} Kd5
{[%clk 0:20:43]} 62. Rc3 {[%clk 0:00:47]} Ke4 {[%clk 0:21:11]} 63. Re3+
{[%clk 0:00:49]} Kd4 {[%clk 0:21:41]} 64. Kxf3 {[%clk 0:01:11]} Rxc2
{[%clk 0:22:10]} 65. g4 {[%clk 0:01:05]} Rc8 {[%clk 0:21:45]} 66. Re7
{[%clk 0:01:25]} Rg8 {[%clk 0:20:21]} 67. Kf4 {[%clk 0:01:46]} Rf8+
{[%clk 0:20:48]} 68. Kg5 {[%clk 0:02:07]} Rg8+ {[%clk 0:17:59]} 69. Kh5
{[%clk 0:02:30]} Rh8+ {[%clk 0:18:13]} 70. Kg6 {[%clk 0:02:55]} Rg8+
{[%clk 0:18:42]} 71. Rg7 {[%clk 0:03:13]} Re8 {[%clk 0:18:59]} 72. g5
{[%clk 0:03:04]} Ke5 {[%clk 0:19:25]} 73. Rf7 {[%clk 0:03:11]} Ke6
{[%clk 0:18:25]} 74. Rf1 {[%clk 0:03:28]} Rg8+ {[%clk 0:17:24]} 75. Kh6
{[%clk 0:03:53]} Ke7 {[%clk 0:17:51]} 76. g6 {[%clk 0:04:12]} Rh8+
{[%clk 0:18:16]} 77. Kg7 {[%clk 0:04:29]} Rh2 {[%clk 0:18:45]} 78. Re1+
{[%clk 0:04:49]} Kd7 {[%clk 0:19:14]} 79. Kg8 {[%clk 0:05:03]} Rg2
{[%clk 0:19:43]} 80. g7 {[%clk 0:05:26]} Rg3 {[%clk 0:20:12]} 81. Rh1
{[%clk 0:05:11]} 1-0